|
|
|
|
| LEADER |
00000nam a22000007a 4500 |
| 005 |
20200806013617.0 |
| 007 |
cr|||| |||| |
| 008 |
200806s2019 pe |||||s|||| 00||0 spa d |
| 020 |
|
|
|a 978-612-4460-13-5
|
| 035 |
|
|
|a 32066
|
| 040 |
|
|
|a vLex
|
| 090 |
|
|
|c 10726
|d 10726
|
| 100 |
1 |
|
|a Přez Tolentino, Jorge Alberto
|
| 245 |
1 |
0 |
|a Manual de uso de criminologa̕s especf̕icas
|h [Recurso electrn̤ico] :
|b ¿Qu ̌son, para qu ̌sirven y cm̤o se emplean en pas̕es con bajos n̕dices de criminalidad? /
|c Jorge Alberto Přez Tolentino, Wael Hikal
|
| 256 |
|
|
|a Servicio en ln̕ea
|
| 260 |
|
|
|a Lima:
|b Universidad de San Martin de Porres,
|c 2019
|
| 300 |
|
|
|a 1 recurso electrn̤ico
|
| 506 |
1 |
|
|a Disponible solo en los productos indicados
|d vLex Global
|d vLex Global (Academic Edition, excluding Law Schools)
|d vLex Global (U.S. Academic Edition, Law Schools)
|d vLex Global (U.S. Academic Edition, excluding Law Schools)
|d vLex Global (Academic Edition, Law Schools)
|
| 650 |
0 |
4 |
|a Derecho Penal
|z Per︢
|
| 650 |
0 |
4 |
|a Derecho Pb︢lico y Administrativo
|z Per︢
|
| 700 |
1 |
|
|a Hikal, Wael
|
| 740 |
0 |
|
|a vLex Libros (Servicio en ln̕ea)
|
| 856 |
4 |
0 |
|u http://vlex.com/source/manual-de-uso-de-criminologias-especificas-que-son-para-que-sirven-y-como-se-emplean-en-paises-con-bajos-indices-de-criminalidad--32066
|z Acceso restringido
|
| 942 |
|
|
|c BOOK
|
| 999 |
0 |
|
|a Criminal Law
|
| 999 |
0 |
|
|a Public and Administrative Law
|